[Event "Nabokov Memorial 1st"]
[Site "Kiev"]
[Date "2003.??.??"]
[Round "1"]
[White "Gusev, Leonid"]
[Black "Chokhonelidze, Giorgi"]
[Result "1-0"]
[WhiteElo "2146"]
[BlackElo "2350"]
[PlyCount "67"]
[EventDate "2003.04.??"]
[EventType "tourn"]
[EventRounds "14"]
[EventCountry "UKR"]
[EventCategory "1"]
[SourceTitle "EXT 2005"]
[Source "ChessBase"]
[SourceDate "2004.11.15"]
[SourceVersion "1"]
[SourceVersionDate "2004.11.15"]
[SourceQuality "1"]

1. e4 c5 2. Nc3 e6 3. Nf3 a6 4. d4 cxd4 5. Nxd4 Qc7 6. Be3 Nf6 7. Bd3 Bb4 8. 0-0 Bxc3 9. bxc3 Nc6 10. f4 d6 11. Rb1 Ne7 12. c4 h5 13. h3 Nd7 14. Nf3 Nc6 15. Ng5 Nc5 16. e5 Nxd3 17. exd6 Qxd6 18. Rb3 Ncb4 19. cxd3 a5 20. a3 Nc6 21. Ne4 Qd8 22. Bb6 Qd7 23. Bc5 Ne7 24. Rb6 Nf5 25. g4 hxg4 26. hxg4 Nh4 27. Rd6 Qe7 28. Rd4 Qc7 29. Rd6 Ra6 30. Qa1 f6 31. Qd4 Kf7 32. Bb6 Qe7 33. Bd8 Rxd6 34. Nxd6+ 1-0

[Event "Nabokov Memorial 1st"]
[Site "Kiev"]
[Date "2003.??.??"]
[Round "7"]
[White "Gusev, Leonid"]
[Black "Spiridonov, Nikolai"]
[Result "1/2-1/2"]
[WhiteElo "2146"]
[BlackElo "2182"]
[PlyCount "26"]
[EventDate "2003.04.??"]
[EventType "tourn"]
[EventRounds "14"]
[EventCountry "UKR"]
[EventCategory "1"]
[SourceTitle "EXT 2005"]
[Source "ChessBase"]
[SourceDate "2004.11.15"]
[SourceVersion "1"]
[SourceVersionDate "2004.11.15"]
[SourceQuality "1"]

1. e4 c6 2. d4 d5 3. exd5 cxd5 4. c4 Nf6 5. Nc3 g6 6. cxd5 Nxd5 7. Bc4 Nb6 8. Bb3 Bg7 9. Be3 0-0 10. Nge2 Nc6 11. d5 Na5 12. Bd4 Nxb3 13. axb3 e5 1/2-1/2

[Event "Novaya Ladoga"]
[Site "Novaya Ladoga"]
[Date "2002.??.??"]
[Round "3"]
[White "Anjuhin, Alex"]
[Black "Gusev, Leonid"]
[Result "1-0"]
[WhiteElo "2401"]
[BlackElo "2239"]
[PlyCount "43"]
[EventDate "2002.??.??"]
[EventType "tourn"]
[EventRounds "11"]
[EventCountry "RUS"]
[EventCategory "8"]
[SourceTitle "EXT 2003"]
[Source "ChessBase"]
[SourceDate "2002.11.25"]
[SourceVersion "1"]
[SourceVersionDate "2002.11.25"]
[SourceQuality "1"]

1. e4 e5 2. Nf3 Nc6 3. Bb5 a6 4. Ba4 d6 5. Bxc6+ bxc6 6. d4 exd4 7. Qxd4 Qf6 8. Qa4 Bb7 9. 0-0 Qg6 10. Nd4 Ne7 11. Nc3 0-0-0 12. Nb3 f5 13. Na5 fxe4 14. Nxb7 Kxb7 15. Nxe4 Nd5 16. Qb3+ Nb6 17. Ng5 Rd7 18. a4 Be7 19. a5 Bxg5 20. axb6 cxb6 21. Qc4 a5 22. Qg4 1-0

[Event "Novaya Ladoga"]
[Site "Novaya Ladoga"]
[Date "2002.??.??"]
[Round "4"]
[White "Gusev, Leonid"]
[Black "Novik, Maxim"]
[Result "0-1"]
[WhiteElo "2239"]
[BlackElo "2466"]
[PlyCount "52"]
[EventDate "2002.??.??"]
[EventType "tourn"]
[EventRounds "11"]
[EventCountry "RUS"]
[EventCategory "8"]
[SourceTitle "EXT 2003"]
[Source "ChessBase"]
[SourceDate "2002.11.25"]
[SourceVersion "1"]
[SourceVersionDate "2002.11.25"]
[SourceQuality "1"]

1. e4 e5 2. Nf3 Nc6 3. Bb5 f5 4. d4 fxe4 5. Nxe5 Nxe5 6. dxe5 c6 7. Bc4 Qa5+ 8. Nc3 Qxe5 9. 0-0 d5 10. Re1 Nf6 11. Bf1 Bc5 12. Be3 Ng4 13. g3 Nxe3 14. fxe3 h5 15. Na4 Bd6 16. Qd4 Qxd4 17. exd4 h4 18. Re3 hxg3 19. hxg3 Be6 20. b3 Ke7 21. c4 Rh5 22. c5 Bc7 23. Nc3 Rah8 24. Bg2 Bh3 25. Bh1 Rg5 26. Ne2 Bg4 0-1